Vista normal Vista MARC

Entrada Materia (personas)

Número de registros utilizados en: 3

001 - CONTROL NUMBER

  • control field: 83961

003 - CONTROL NUMBER IDENTIFIER

  • control field: Co-BoUCM

005 - DATE AND TIME OF LATEST TRANSACTION

  • control field: 20170208105858.0

008 - FIXED-LENGTH DATA ELEMENTS

  • fixed length control field: 170208|| aca||aabn | a|a d

040 ## - CATALOGING SOURCE

  • Original cataloging agency: Co-BoUCM
  • Transcribing agency: Co-BoUCM

100 ## - HEADING--PERSONAL NAME

  • Personal name: Bernal Duffo, Eufrasio

670 ## - SOURCE DATA FOUND

  • Source citation: Work cat.: (Co-BoUCM)305939: Bernal Duffo, Eufrasio, Toponimia, numismática y filatelia caldasianas, 2016